000
00317nam a22001337a 4500
008
170831b xxu||||| |||| 00| 0 eng d
020
_a
9781256282976
041
_a
eng
080
_a
070
100
_a
40
101
_a
MED
245
_a
RESEARCH COMPOSITION IN THE DISCIIPLINES
_c
BEHREMS.L
942
_2
udc
_c
BK
999
_c
25883
_d
25883